| 000 | 01709nam a2200421 a 4500 | ||
|---|---|---|---|
| 001 | ebr10234992 | ||
| 003 | CaPaEBR | ||
| 006 | m u | ||
| 007 | cr cn||||||||| | ||
| 008 | 060606s2006 ne af sb 001 0deng d | ||
| 010 | _z 2006047575 | ||
| 020 | _z9789004151307 (hbk. : alk. paper) | ||
| 020 | _z9004151303 (hbk. : alk. paper) | ||
| 020 | _z9789047409595 | ||
| 040 |
_aCaPaEBR _cCaPaEBR |
||
| 035 | _a(OCoLC)568279515 | ||
| 043 | _ae-it--- | ||
| 050 | 1 | 4 |
_aPA6519.F9 _bP37 2006eb |
| 082 | 0 | 4 |
_a871/.01 _222 |
| 100 | 1 | _aPasco-Pranger, Molly. | |
| 245 | 1 | 0 |
_aFounding the year _h[electronic resource] : _bOvid's Fasti and the poetics of the Roman calendar / _cby Molly Pasco-Pranger. |
| 260 |
_aLeiden ; _aBoston : _bBrill, _c2006. |
||
| 300 |
_a326, [4] p. of plates : _bill. |
||
| 490 | 1 |
_aMnemosyne supplements, _x0169-8958 ; _vc. 276 |
|
| 504 | _aIncludes bibliograpical references (p. [297]-308) and indexes. | ||
| 533 |
_aElectronic reproduction. _bPalo Alto, Calif. : _cebrary, _d2013. _nAvailable via World Wide Web. _nAccess may be limited to ebrary affiliated libraries. |
||
| 600 | 0 | 0 |
_aOvid, _d43 B.C.-17 or 18 A.D. _tFasti. |
| 650 | 0 |
_aDidactic poetry, Latin _xHistory and criticism. |
|
| 650 | 0 |
_aLiterature and society _zRome. |
|
| 650 | 0 | _aFasts and feasts in literature. | |
| 650 | 0 | _aCalendar in literature. | |
| 650 | 0 | _aTime in literature. | |
| 651 | 0 |
_aRome _xIn literature. |
|
| 655 | 7 |
_aElectronic books. _2local |
|
| 710 | 2 | _aebrary, Inc. | |
| 830 | 0 |
_aMnemosyne, bibliotheca classica Batava. _pSupplementum ; _vc. 276. |
|
| 856 | 4 | 0 |
_uhttp://site.ebrary.com/lib/rucke/Doc?id=10234992 _zAn electronic book accessible through the World Wide Web; click to view |
| 999 |
_c38638 _d38638 |
||